[Event "Mondiale Lampo FIDE 2019"]
[Site "Mosca"]
[Date "29.12.2019"]
[Round "9.87"]
[White "Santos Ruiz, Miguel"]
[Black "Gurvich, Vitaly"]
[Result "1-0"]
[WhiteTitle "GM"]
[BlackTitle "FM"]
[WhiteElo "2585"]
[BlackElo "2230"]
[WhiteFideId "22291482"]
[BlackFideId "24164852"]
[EventDate "2019.12.29"]

1. e4 d6 2. d4 Nf6 3. Nc3 e5 4. Nge2 Nbd7 5. h3 c6 6. a4 b6 7. g4 h6 8. Bg2 Be7
9. Be3 a6 10. Ng3 g6 11. O-O Bb7 12. Qd2 h5 13. g5 Nh7 14. h4 Nhf8 15. f4 Ne6
16. f5 Nxd4 17. Bxd4 exd4 18. Qxd4 Ne5 19. f6 Bf8 20. Bh3 Qc7 21. Kg2 Bc8 22.
Bxc8 Rxc8 23. Rfd1 d5 24. exd5 Bc5 25. d6 Bxd4 26. dxc7 Bxc3 27. bxc3 O-O 28.
Re1 Rfe8 29. Re4 Nd7 30. Rxe8+ Rxe8 31. Rd1 1-0

[Event "Mondiale Lampo FIDE 2019"]
[Site "Mosca"]
[Date "29.12.2019"]
[Round "9.88"]
[White "Andriasian, Zaven"]
[Black "Kryakvin, Dmitry"]
[Result "1-0"]
[WhiteTitle "GM"]
[BlackTitle "GM"]
[WhiteElo "2611"]
[BlackElo "2596"]
[WhiteFideId "13302000"]
[BlackFideId "4153278"]
[EventDate "2019.12.29"]

1. e4 c5 2. Nc3 Nc6 3. Bb5 Nd4 4. Nf3 e6 5. O-O a6 6. Bd3 Ne7 7. Nxd4 cxd4 8.
Ne2 Nc6 9. c3 Bc5 10. b4 Ba7 11. cxd4 Nxd4 12. Bb2 Nxe2+ 13. Qxe2 O-O 14. Qg4 f6
15. Rae1 b5 16. Kh1 Bb7 17. f4 Qe8 18. Rf3 Qg6 19. Qh4 Qh6 20. Qxh6 gxh6 21.
Ref1 Rf7 22. Rh3 Kf8 23. Rxh6 Ke7 24. h3 Rg8 25. Kh2 f5 26. g3 fxe4 27. Be2 Rc8
28. Bc3 e3 29. Rc1 exd2 30. Bxd2 Rxc1 31. Bxc1 Bd4 32. Bd3 e5 33. Rxh7 Rxh7 34.
Bxh7 e4 35. Kg2 d5 36. g4 Bc3 37. Kf2 d4 38. Ke2 Bxb4 39. f5 d3+ 40. Ke3 Bc5+
41. Kf4 Bb4 42. Ke3 Bc5+ 43. Kd2 Bb4+ 44. Kd1 Bd5 45. g5 Bxa2 46. f6+ Kf7 47.
Bd2 Bb3+ 48. Ke1 Bc5 49. Bxe4 Bc4 50. Bc3 b4 51. g6+ Kg8 52. Be5 a5 53. h4 a4
54. h5 Bf8 55. Bxd3 Be6 56. Bf4 b3 57. h6 Bxh6 58. Bxh6 a3 59. f7+ Bxf7 60.
gxf7+ Kxf7 61. Bc4+ Kg6 62. Bd2 b2 63. Ba2 Kf5 64. Bb4 Ke4 65. Bxa3 1-0

[Event "Mondiale Lampo FIDE 2019"]
[Site "Mosca"]
[Date "29.12.2019"]
[Round "9.89"]
[White "Melkumyan, Hrant"]
[Black "Galkin, Alexander"]
[Result "1-0"]
[WhiteTitle "GM"]
[BlackTitle "GM"]
[WhiteElo "2668"]
[BlackElo "2611"]
[WhiteFideId "13302485"]
[BlackFideId "4120426"]
[EventDate "2019.12.29"]

1. d4 d5 2. c4 e6 3. Nf3 c6 4. Nbd2 f5 5. g3 Nf6 6. Bg2 Bd6 7. O-O Nbd7 8. b3
O-O 9. Bb2 b6 10. Rc1 Bb7 11. Ne5 Qe7 12. Ndf3 Rac8 13. e3 Rfd8 14. Qe2 Ne4 15.
Rfd1 Nxe5 16. Nxe5 Bxe5 17. dxe5 c5 18. cxd5 Rxd5 19. f3 Ng5 20. h4 Nf7 21. Rxd5
Bxd5 22. e4 fxe4 23. fxe4 Bb7 24. Bh3 Rd8 25. Bc3 Nh6 26. Bd2 Nf7 27. Bf4 Rd4
28. Qg4 Rxe4 29. Qxe6 Qxe6 30. Bxe6 Kf8 31. Bf5 Re2 32. Bg4 Rxa2 33. e6 Nh6 34.
Bxh6 gxh6 35. Rf1+ Ke8 36. Bh5+ Kd8 37. Rf8+ Kc7 38. Rf7+ Kb8 39. Rxb7+ Kxb7 40.
e7 1-0

[Event "Mondiale Lampo FIDE 2019"]
[Site "Mosca"]
[Date "29.12.2019"]
[Round "9.90"]
[White "Sutovsky, Emil"]
[Black "Harsha, Bharathakoti"]
[Result "0-1"]
[WhiteTitle "GM"]
[BlackTitle "GM"]
[WhiteElo "2643"]
[BlackElo "2523"]
[WhiteFideId "2802007"]
[BlackFideId "5078776"]
[EventDate "2019.12.29"]

1. e4 c5 2. Nc3 Nc6 3. Nf3 d6 4. d4 cxd4 5. Nxd4 Nf6 6. Bg5 e6 7. Qd3 Bd7 8.
O-O-O a6 9. Be2 h6 10. Bh4 Be7 11. f4 Rc8 12. Qg3 g5 13. fxg5 Nh7 14. Qf2 hxg5
15. Bg3 Nf6 16. Nxc6 Bxc6 17. e5 Ne4 18. Nxe4 Bxe4 19. Bd3 Bxd3 20. Rxd3 d5 21.
Rf1 Rh7 22. Rf3 Qa5 23. a3 Qc5 24. Rxf7 Qxc2+ 25. Qxc2 Rxc2+ 26. Kxc2 Rxf7 27.
Rxf7 Kxf7 28. Bf2 g4 29. Bb6 Kg6 30. Kd3 Kf5 31. Kd4 Bh4 32. g3 Bg5 33. Bc7 Bc1
34. Kc3 Be3 35. Kd3 Bg1 36. Ke2 Ke4 37. Kf1 Bd4 38. Kg2 Bxe5 39. Bb6 Bxb2 40. a4
d4 41. h4 d3 42. Ba5 Ke3 43. h5 d2 0-1

[Event "Mondiale Lampo FIDE 2019"]
[Site "Mosca"]
[Date "29.12.2019"]
[Round "9.91"]
[White "Gutenev, Alexander"]
[Black "Inarkiev, Ernesto"]
[Result "0-1"]
[WhiteTitle "IM"]
[BlackTitle "GM"]
[WhiteElo "2469"]
[BlackElo "2663"]
[WhiteFideId "4195540"]
[BlackFideId "4162722"]
[EventDate "2019.12.29"]

1. e4 c5 2. Nc3 Nc6 3. Nf3 e6 4. d4 cxd4 5. Nxd4 Qc7 6. Be2 a6 7. O-O Nf6 8. Be3
Be7 9. f4 d6 10. Qe1 O-O 11. Qg3 Nxd4 12. Bxd4 b5 13. a3 Bb7 14. Rae1 g6 15. Bd3
Nd7 16. f5 Bf6 17. Bxf6 Nxf6 18. fxe6 fxe6 19. e5 dxe5 20. Qxe5 Qxe5 21. Rxe5
Rae8 22. Rfe1 Kf7 23. h3 Nd7 24. Rg5 Ke7 25. a4 b4 26. Na2 Rf4 27. Nc1 e5 28.
Nb3 Rc8 29. Rg3 Bd5 30. Re2 Rc6 31. Rge3 Kd6 32. Nd2 Rf8 33. b3 Nc5 34. Nc4+
Bxc4 35. Bxc4 e4 36. Rg3 Ke5 37. Rd2 Rd6 38. Rg5+ Rf5 39. Rxd6 Kxd6 40. Rg3 Ke5
41. Rg4 Kd4 42. Rh4 h5 43. g4 Rf4 44. Kg2 e3 45. Kg3 Ke5 46. gxh5 Ne4+ 0-1

[Event "Mondiale Lampo FIDE 2019"]
[Site "Mosca"]
[Date "29.12.2019"]
[Round "9.92"]
[White "Huzman, Alexander"]
[Black "Ismagambetov, Anuar"]
[Result "0-1"]
[WhiteTitle "GM"]
[BlackTitle "GM"]
[WhiteElo "2567"]
[BlackElo "2528"]
[WhiteFideId "2803828"]
[BlackFideId "13701525"]
[EventDate "2019.12.29"]

1. Nf3 Nf6 2. c4 g6 3. Nc3 Bg7 4. e4 d6 5. d4 O-O 6. Be2 e5 7. Be3 Ng4 8. Bg5 f6
9. Bh4 g5 10. Bg3 Nh6 11. c5 Kh8 12. cxd6 cxd6 13. dxe5 dxe5 14. Qxd8 Rxd8 15.
Rd1 Nc6 16. Rxd8+ Nxd8 17. Nd2 Be6 18. Bc4 Rc8 19. Bb3 Bf8 20. Ke2 Kg7 21. f3
Bc5 22. Rd1 Nhf7 23. Bf2 Bxf2 24. Kxf2 a6 25. Bxe6 Nxe6 26. Nb3 Rc7 27. g3 h5
28. Rd2 h4 29. Nd5 Rc4 30. Ne3 Rc7 31. gxh4 gxh4 32. Nf5+ Kh7 33. Nxh4 Nf4 34.
Nf5 Ng5 35. h4 Nge6 36. Ne3 Kg6 37. Nd5 Rh7 38. Kg3 Rg7 39. Nxf4+ Nxf4 40. Nc5
Kh5+ 41. Kf2 Kxh4 42. b4 Kh3 43. a4 Rg2+ 44. Ke3 Rg1 45. Nxb7 Rb1 46. b5 axb5
47. a5 Kg3 48. Ra2 Rb3+ 49. Kd2 Rxf3 50. Kc1 Nd3+ 51. Kd2 Rf2+ 52. Kxd3 Rxa2 0-1

[Event "Mondiale Lampo FIDE 2019"]
[Site "Mosca"]
[Date "29.12.2019"]
[Round "9.93"]
[White "Iljiushenok, Ilia"]
[Black "Faizrakhmanov, Ramil"]
[Result "1-0"]
[WhiteTitle "GM"]
[BlackTitle "IM"]
[WhiteElo "2521"]
[BlackElo "2434"]
[WhiteFideId "24105074"]
[BlackFideId "24103209"]
[EventDate "2019.12.29"]

1. e4 c6 2. d4 d5 3. e5 Bf5 4. Nc3 e6 5. g4 Bg6 6. Nge2 c5 7. h4 h5 8. Nf4 Bh7
9. Nxh5 Nc6 10. dxc5 Bxc5 11. Bg5 Qb6 12. Nxg7+ Kf8 13. Nxe6+ fxe6 14. Qf3+ Ke8
15. O-O-O Bb4 16. Nxd5 exd5 17. Qxd5 Nge7 18. Qd7+ Kf8 19. Bh6+ Kf7 20. Bc4+ 1-0

[Event "Mondiale Lampo FIDE 2019"]
[Site "Mosca"]
[Date "29.12.2019"]
[Round "9.94"]
[White "Mesropov, Konstantin"]
[Black "Tsoi, Dmitry"]
[Result "0-1"]
[WhiteTitle "IM"]
[BlackTitle "FM"]
[WhiteElo "2422"]
[BlackElo "2321"]
[WhiteFideId "4116887"]
[BlackFideId "24194697"]
[EventDate "2019.12.29"]

1. d4 Nf6 2. Bg5 Ne4 3. Bf4 d6 4. Nd2 Nxd2 5. Qxd2 Nd7 6. Nf3 g6 7. O-O-O Nf6 8.
h3 c6 9. g4 Bg7 10. Bg2 Qb6 11. Rhe1 Be6 12. a3 Bd5 13. Nh4 Bxg2 14. Nxg2 c5 15.
dxc5 Qxc5 16. Be3 Qc4 17. Kb1 O-O 18. Qd3 Rfc8 19. Qxc4 Rxc4 20. f3 b5 21. Bc1
Rac8 22. Ne3 R4c6 23. c3 Kf8 24. Nd5 Nxd5 25. Rxd5 Rc5 26. Red1 a6 27. Be3 Rxd5
28. Rxd5 Rc4 29. Kc2 Ke8 30. Rd1 Kd7 31. Kb3 a5 32. Bd4 Bxd4 33. Rxd4 a4+ 34.
Kc2 e5 35. Rd5 Kc6 36. e4 f5 37. Kd3 h5 38. gxh5 gxh5 39. h4 fxe4+ 40. fxe4 Rc5
41. Rxc5+ Kxc5 42. Kd2 d5 43. Kd3 Kc6 44. Ke3 Kd6 45. Kd3 Kc5 46. Ke3 Kc4 47.
exd5 Kxd5 48. Kf3 Kd6 49. Ke3 Ke6 50. Ke4 Kf6 51. Ke3 Kf5 52. Kf3 e4+ 53. Ke3
Ke5 54. Ke2 Kf4 55. Kf2 e3+ 56. Ke2 Ke4 57. Ke1 Kd3 58. Kd1 e2+ 59. Ke1 Ke3 60.
c4 bxc4 61. b4 c3 0-1

[Event "Mondiale Lampo FIDE 2019"]
[Site "Mosca"]
[Date "29.12.2019"]
[Round "9.95"]
[White "Shcherbakov, Ruslan"]
[Black "Blohberger, Felix"]
[Result "0-1"]
[WhiteTitle "GM"]
[BlackTitle "IM"]
[WhiteElo "2527"]
[BlackElo "2434"]
[WhiteFideId "4102240"]
[BlackFideId "1632051"]
[EventDate "2019.12.29"]

1. e4 c5 2. Nf3 d6 3. Bb5+ Nd7 4. d4 cxd4 5. Qxd4 a6 6. Bxd7+ Bxd7 7. Bg5 Qc7 8.
Nc3 e6 9. O-O f6 10. Bh4 Nh6 11. a4 Nf7 12. Nd2 Rc8 13. Kh1 Qc5 14. Qd3 g5 15.
Bg3 Be7 16. Rad1 Ne5 17. Qe2 h5 18. h3 g4 19. h4 Qb4 20. Nb3 Qc4 21. Qe1 Qb4 22.
Rd4 Qb6 23. Qd1 Bc6 24. Re1 Kf7 25. a5 Qc7 26. Qe2 Rhg8 27. Rdd1 Bd7 28. Bf4 Qc4
29. Qe3 Qc7 30. Bxe5 dxe5 31. g3 Bc6 32. Rd3 Kg6 33. Red1 Rgd8 34. Kg1 Rxd3 35.
Rxd3 Rd8 36. Nc5 Rxd3 37. cxd3 Qxa5 38. Nxe6 Qa1+ 39. Kg2 Qxb2 40. Nd5 Bxd5 41.
exd5 Qb4 42. d4 Qd6 43. Qe4+ f5 44. Qxe5 Qxe5 45. dxe5 Kf7 46. Nf4 Bc5 47. Kf1
a5 48. d6 a4 49. d7 Ke7 50. e6 Kd8 51. Nd3 Bd6 52. Ke2 a3 53. Nc1 Ke7 54. Kd3
Kd8 55. Kc4 Ke7 56. Kb3 Bc7 57. Kxa3 Kxe6 58. Kb4 Kxd7 59. Kc5 Ke6 60. Nd3 Bd6+
61. Kb6 Kd5 62. Kxb7 Ke4 63. Kc6 Kxd3 64. Kxd6 Ke2 65. Ke5 Kxf2 66. Kf4 Kg2 67.
Kg5 Kxg3 68. Kxh5 f4 69. Kg6 f3 70. h5 f2 0-1

[Event "Mondiale Lampo FIDE 2019"]
[Site "Mosca"]
[Date "29.12.2019"]
[Round "9.96"]
[White "Guimaraes, Diogo Duarte"]
[Black "Mikhailovsky, Vladimir"]
[Result "1-0"]
[WhiteTitle "FM"]
[BlackTitle "CM"]
[WhiteElo "2322"]
[BlackElo "2209"]
[WhiteFideId "2112450"]
[BlackFideId "34105414"]
[EventDate "2019.12.29"]

1. e4 Nc6 2. d4 d6 3. Nf3 g6 4. Be2 Bg7 5. O-O e5 6. c3 Nge7 7. Na3 exd4 8. cxd4
O-O 9. d5 Nb8 10. Nc4 Nd7 11. a4 a5 12. Bd2 b6 13. Bc3 Nc5 14. Bxg7 Kxg7 15.
Qd4+ f6 16. Ra3 g5 17. h4 g4 18. Nh2 h5 19. Rg3 Ng6 20. f3 Ne5 21. fxg4 hxg4 22.
Nxg4 Nxg4 23. Bxg4 Bxg4 24. Rxg4+ Kf7 25. e5 Ke8 26. exf6 Kd7 27. Rg7+ Kc8 28.
Qf4 Nd7 29. Qf5 Rxf6 30. Rxd7 Qxd7 31. Qxf6 Qxa4 32. Nxb6+ cxb6 33. Qe7 Qd4+ 34.
Kh1 Qxh4+ 35. Qxh4 1-0

[Event "Mondiale Lampo FIDE 2019"]
[Site "Mosca"]
[Date "29.12.2019"]
[Round "9.97"]
[White "Luukkonen, Tommi"]
[Black "Belousov, Danila"]
[Result "1-0"]
[WhiteTitle "FM"]
[BlackTitle "FM"]
[WhiteElo "2290"]
[BlackElo "2274"]
[WhiteFideId "501808"]
[BlackFideId "4167350"]
[EventDate "2019.12.29"]

1. e4 d5 2. exd5 Qxd5 3. Nc3 Qd6 4. d4 Nf6 5. Nf3 Bg4 6. h3 Bh5 7. g4 Bg6 8. Ne5
Nbd7 9. Nxg6 hxg6 10. Bg2 c6 11. Qe2 e6 12. Be3 Qc7 13. a4 a5 14. O-O Bd6 15. f4
O-O 16. g5 Nh5 17. Ne4 Bxf4 18. Bf2 Rad8 19. Ra3 Nb6 20. Bf3 Ng3 21. Bxg3 Bxg3
22. Bg4 Bh4 23. Raf3 Rxd4 24. Bxe6 Kh7 25. Rxf7 Rxf7 26. Rxf7 Qd8 27. Qg4 Be1
28. Kf1 Bb4 29. Qh4+ Kg8 30. Rxg7+ 1-0

[Event "Mondiale Lampo FIDE 2019"]
[Site "Mosca"]
[Date "29.12.2019"]
[Round "9.98"]
[White "Al Ghamdi, Ahmed M"]
[Black "Yagupov, Igor"]
[Result "0-1"]
[WhiteTitle "CM"]
[BlackTitle "GM"]
[WhiteElo "2107"]
[BlackElo "2357"]
[WhiteFideId "21500150"]
[BlackFideId "4113632"]
[EventDate "2019.12.29"]

1. e4 c5 2. Nf3 Nc6 3. Bb5 Nf6 4. e5 Nd5 5. O-O g6 6. Nc3 Nc7 7. Bxc6 dxc6 8.
Re1 Bg7 9. Ne4 b6 10. Nf6+ Kf8 11. Ne4 Bg4 12. Ng3 Qd5 13. d3 Bxf3 14. Qxf3 Qxf3
15. gxf3 Rd8 16. f4 Ne6 17. Be3 h5 18. a4 h4 19. Ne2 f6 20. exf6 Bxf6 21. Bc1 h3
22. a5 b5 23. Ng3 Nd4 24. Rb1 Nf3+ 25. Kf1 Nxe1 26. Kxe1 a6 27. Ne4 c4 28. Nc5
cxd3 29. cxd3 Ra8 30. Ke2 Kf7 31. Kf3 Rhd8 32. Be3 Rd5 33. b4 g5 34. fxg5 Bxg5
35. Rg1 Bf6 36. Rg3 Rh5 37. Rg4 Be5 38. Re4 Bxh2 39. Nb3 0-1

[Event "Mondiale Lampo FIDE 2019"]
[Site "Mosca"]
[Date "29.12.2019"]
[Round "9.99"]
[White "Batchuluun, Tsegmed"]
[Black "Miranda Neto, Jayme Amorim"]
[Result "1-0"]
[WhiteTitle "GM"]
[BlackTitle "CM"]
[WhiteElo "2530"]
[BlackElo "2102"]
[WhiteFideId "4900847"]
[BlackFideId "2115964"]
[EventDate "2019.12.29"]

1. d4 Nf6 2. c4 e6 3. Nf3 d5 4. g3 Be7 5. Bg2 O-O 6. O-O c5 7. cxd5 Qxd5 8. Nc3
Qh5 9. dxc5 Bxc5 10. h3 Nc6 11. g4 Nxg4 12. hxg4 Qxg4 13. Nh2 Qb4 14. a3 Qh4 15.
Ne4 Bb6 16. Bg5 Qh5 17. e3 Qg6 18. Bh4 e5 19. Kh1 f5 20. Nd6 Qh6 21. Nxc8 Raxc8
22. Bxc6 Qxc6+ 23. Qf3 Qh6 24. Qg3 Qc6+ 25. Qg2 Qc2 26. Qd5+ Kh8 27. Qxe5 Bc7
28. Qd5 Rcd8 29. Qxb7 Rb8 30. Qg2 Rxb2 31. Rac1 Qa4 1-0

[Event "Mondiale Lampo FIDE 2019"]
[Site "Mosca"]
[Date "29.12.2019"]
[Round "9.100"]
[White "Thing, Bibek"]
[Black "Mamatov, Melis"]
[Result "1/2-1/2"]
[WhiteTitle "CM"]
[WhiteElo "2222"]
[BlackElo "2292"]
[WhiteFideId "12303135"]
[BlackFideId "13800027"]
[EventDate "2019.12.29"]

1. Nf3 d5 2. g3 Nc6 3. d4 Bf5 4. Bg2 Qd7 5. O-O Bh3 6. c4 Bxg2 7. Kxg2 e6 8.
cxd5 exd5 9. Nc3 Nf6 10. Bg5 Ne4 11. Qb3 Nxg5 12. Nxg5 O-O-O 1/2-1/2

[Event "Mondiale Lampo FIDE 2019"]
[Site "Mosca"]
[Date "29.12.2019"]
[Round "9.101"]
[White "Al Nhier, Hamoud"]
[Black "Al Thebaiti, Ahmed M"]
[Result "1/2-1/2"]
[WhiteTitle "FM"]
[BlackTitle "CM"]
[WhiteElo "1934"]
[BlackElo "1976"]
[WhiteFideId "21500045"]
[BlackFideId "21502390"]
[EventDate "2019.12.29"]

1. c4 Nf6 2. g3 c6 3. Bg2 d5 4. cxd5 cxd5 5. d4 Nc6 6. Nf3 e6 7. O-O Be7 8. b3
O-O 9. Bb2 b6 10. Ne5 Bb7 11. Nd2 Rc8 12. a3 Nd7 13. Ndf3 Ndxe5 14. Nxe5 Nxe5
15. dxe5 a5 16. Bd4 Bc5 17. Qd2 Qe7 1/2-1/2

[Event "Mondiale Lampo FIDE 2019"]
[Site "Mosca"]
[Date "29.12.2019"]
[Round "9.102"]
[White "Usov, Aleksandr E."]
[Black "Masrahi, Abdulrahman A"]
[Result "1-0"]
[BlackTitle "CM"]
[WhiteElo "2012"]
[BlackElo "1956"]
[WhiteFideId "24257109"]
[BlackFideId "21501564"]
[EventDate "2019.12.29"]

1. e4 e5 2. Nf3 Nc6 3. d4 exd4 4. Bc4 Bc5 5. c3 Nf6 6. e5 d5 7. Bb5 Ne4 8. cxd4
Bb6 9. O-O O-O 10. Nc3 Bg4 11. Be3 Ne7 12. h3 Bh5 13. Be2 Nf5 14. g4 Nxe3 15.
fxe3 Bg6 16. Nxe4 Bxe4 17. Ne1 Qh4 18. Kh2 f5 19. Ng2 Bxg2 20. Kxg2 Rae8 21. a4
c6 22. a5 Bc7 23. a6 b6 24. Qc2 fxg4 25. hxg4 c5 26. Bf3 Kh8 27. Rh1 1-0

[Event "Mondiale Lampo FIDE 2019"]
[Site "Mosca"]
[Date "29.12.2019"]
[Round "9.103"]
[White "Al Mutairi, Hassan S"]
[Black "Zarubitski, Viachaslau"]
[Result "0-1"]
[WhiteTitle "CM"]
[BlackTitle "IM"]
[WhiteElo "1883"]
[BlackElo "2451"]
[WhiteFideId "21500193"]
[BlackFideId "13509373"]
[EventDate "2019.12.29"]

1. e4 Nf6 2. e5 Nd5 3. c4 Nb6 4. c5 Nd5 5. Nc3 e6 6. Bc4 Bxc5 7. Nxd5 exd5 8.
Bxd5 d6 9. d4 Bb4+ 10. Bd2 Bxd2+ 11. Qxd2 O-O 12. Nf3 Nd7 13. O-O Nb6 14. Be4 d5
15. Bd3 f6 16. Rfe1 Bg4 17. exf6 Qxf6 18. Ne5 Bf5 19. a4 Bxd3 20. Qxd3 Qxf2+ 21.
Kh1 a5 22. b3 Rf4 23. Nf3 Raf8 24. Re2 Rxf3 25. gxf3 Qxf3+ 26. Qxf3 Rxf3 27. Re7
Rf7 28. Rae1 g6 29. Kg2 Kg7 30. Kg3 Nc8 31. Re8 Nd6 32. R8e5 Ne4+ 33. Kg2 c6 34.
b4 axb4 35. Rb1 Rf2+ 36. Kg1 Ra2 37. Rxb4 Nd2 38. Rxb7+ Kh6 39. Ree7 Nf3+ 40.
Kf1 Nxh2+ 41. Kg1 Nf3+ 42. Kf1 Rxa4 43. Rxh7+ Kg5 44. Ra7 Rxd4 45. Rhc7 Rc4 46.
Ra6 Ne5 47. Re7 Kf4 48. Re8 g5 49. Rg8 g4 50. Rf8+ Ke4 51. Ra3 d4 52. Ra1 d3 53.
Re8 Kd5 54. Re1 Nf3 55. Rd1 d2 56. Re2 Rd4 57. Kf2 c5 58. Re8 c4 59. Rd8+ Kc5
60. Rxd4 Kxd4 61. Kg3 c3 62. Kxg4 c2 0-1

[Event "Mondiale Lampo FIDE 2019"]
[Site "Mosca"]
[Date "29.12.2019"]
[Round "10.2"]
[White "Carlsen, Magnus"]
[Black "Socko, Bartosz"]
[Result "1-0"]
[WhiteTitle "GM"]
[BlackTitle "GM"]
[WhiteElo "2872"]
[BlackElo "2618"]
[WhiteFideId "1503014"]
[BlackFideId "1107038"]
[EventDate "2019.12.29"]

1. d4 Nf6 2. c4 e6 3. Nf3 b6 4. g3 Bb7 5. Bg2 c5 6. d5 exd5 7. cxd5 Bxd5 8. Nc3
Bxf3 9. Bxf3 Nc6 10. Bf4 Be7 11. O-O O-O 12. e3 Ne8 13. h4 h6 14. h5 Nc7 15. Qa4
Ne6 16. Rad1 Rc8 17. Nd5 Nxf4 18. gxf4 Re8 19. Kg2 Bf8 20. Rg1 Ne7 21. Nf6+ gxf6
22. Rxd7 b5 23. Qxa7 Ra8 24. Rxd8 1-0

[Event "Mondiale Lampo FIDE 2019"]
[Site "Mosca"]
[Date "29.12.2019"]
[Round "10.3"]
[White "Artemiev, Vladislav"]
[Black "Andreikin, Dmitry"]
[Result "1-0"]
[WhiteTitle "GM"]
[BlackTitle "GM"]
[WhiteElo "2731"]
[BlackElo "2724"]
[WhiteFideId "24101605"]
[BlackFideId "4158814"]
[EventDate "2019.12.29"]

1. Nf3 Nf6 2. c4 e6 3. g3 d5 4. Bg2 Be7 5. O-O O-O 6. cxd5 exd5 7. b3 Bg4 8. Bb2
Nbd7 9. d3 Re8 10. Nbd2 Bc5 11. e3 a5 12. Qc2 c6 13. h3 Bh5 14. a3 Bg6 15. Nh4
Bd6 16. Ndf3 Bh5 17. Rfe1 Bxf3 18. Nxf3 Ne5 19. Nd4 Ng6 20. Bc3 h5 21. b4 axb4
22. axb4 Rxa1 23. Rxa1 h4 24. g4 Bb8 25. Nf3 Qd7 26. Bxf6 gxf6 27. d4 Kg7 28.
Qd3 Re4 29. Nd2 Re8 30. Kh1 Qd6 31. Nf3 Qxb4 32. Rb1 Qe7 33. Qc2 Qc7 34. Bf1 Re7
35. Bd3 Qd6 36. Rg1 b5 37. Bf5 b4 38. g5 Kf8 39. Bxg6 b3 40. Qxb3 fxg6 41. gxf6
Rf7 42. Ne5 Rxf6 43. Qxb8+ Qxb8 44. Nd7+ Kf7 45. Nxb8 Rxf2 46. Nxc6 Kf6 47. Ne5
Kf5 48. Nxg6 Ke4 49. Rg4+ Kxe3 50. Nxh4 Rd2 51. Kg1 Rd1+ 52. Kg2 Rd2+ 53. Kg3
Rd3 54. Nf5+ Ke2+ 55. Kg2 Rf3 56. Ng3+ Ke3 57. h4 Rf2+ 58. Kh3 Kf3 59. Rg5 Rd2
60. Rf5+ Ke3 61. Rxd5 Rd1 62. h5 1-0

[Event "Mondiale Lampo FIDE 2019"]
[Site "Mosca"]
[Date "29.12.2019"]
[Round "10.4"]
[White "Yu, Yangyi"]
[Black "Duda, Jan-Krzysztof"]
[Result "1/2-1/2"]
[WhiteTitle "GM"]
[BlackTitle "GM"]
[WhiteElo "2738"]
[BlackElo "2758"]
[WhiteFideId "8603820"]
[BlackFideId "1170546"]
[EventDate "2019.12.29"]

1. e4 c5 2. Nf3 g6 3. d4 cxd4 4. Nxd4 Nc6 5. c4 Nf6 6. Nc3 Nxd4 7. Qxd4 d6 8.
Be3 Bg7 9. Be2 O-O 10. Qd2 a5 11. O-O a4 12. Bd4 Bd7 13. Qe3 Bc6 14. Nd5 Bxd5
15. exd5 Nd7 16. Rfd1 Bxd4 17. Qxd4 Qb6 18. Qxb6 Nxb6 19. f4 f5 20. Kf2 Rfc8 21.
Rdc1 Kf7 22. Ke3 Nd7 23. b4 axb3 24. axb3 Nb6 25. Kd4 Rxa1 26. Rxa1 Ra8 27. Rxa8
Nxa8 28. c5 Ke8 29. b4 b6 30. c6 h5 31. b5 Nc7 32. Bc4 Kf7 33. Ke3 Kf6 34. g3
Ne8 35. Be2 Nc7 36. Kd4 Ne8 37. h3 Nc7 38. Kc4 Ne8 1/2-1/2

[Event "Mondiale Lampo FIDE 2019"]
[Site "Mosca"]
[Date "29.12.2019"]
[Round "10.5"]
[White "Dubov, Daniil"]
[Black "Adly, Ahmed"]
[Result "1-0"]
[WhiteTitle "GM"]
[BlackTitle "GM"]
[WhiteElo "2690"]
[BlackElo "2607"]
[WhiteFideId "24126055"]
[BlackFideId "10601619"]
[EventDate "2019.12.29"]

1. c4 e6 2. Nc3 Nf6 3. e4 d5 4. e5 d4 5. exf6 dxc3 6. bxc3 Qxf6 7. d4 e5 8. Nf3
exd4 9. Bg5 Qe6+ 10. Be2 d3 11. Qxd3 Nc6 12. O-O Bd6 13. Nd4 Nxd4 14. cxd4 O-O
15. c5 Be7 16. d5 Qe5 17. Bxe7 Qxe7 18. Rac1 Bf5 19. Qxf5 Qxe2 20. Qb1 b6 21.
Rfe1 Qh5 22. d6 cxd6 23. cxd6 Rad8 24. Rcd1 Qg6 25. Qb4 Rd7 26. Re7 Qf5 27. g4
Qf3 28. Rde1 a5 29. Qd4 Rdd8 30. d7 h5 31. Re8 h4 32. Rxd8 Rxd8 33. Re8+ Kh7 34.
Rxd8 Qe2 35. Rh8+ Kg6 36. h3 1-0

[Event "Mondiale Lampo FIDE 2019"]
[Site "Mosca"]
[Date "29.12.2019"]
[Round "10.6"]
[White "Matlakov, Maxim"]
[Black "Savchenko, Boris"]
[Result "1-0"]
[WhiteTitle "GM"]
[BlackTitle "GM"]
[WhiteElo "2699"]
[BlackElo "2577"]
[WhiteFideId "4168003"]
[BlackFideId "4147332"]
[EventDate "2019.12.29"]

1. d4 e6 2. c4 d5 3. Nc3 Nf6 4. Nf3 a6 5. cxd5 exd5 6. Bf4 Bd6 7. Be5 c6 8. e3
Ra7 9. Bd3 Bg4 10. h3 Bh5 11. Qc2 Bg6 12. O-O-O O-O 13. g4 Re8 14. Rhg1 Bxd3 15.
Qxd3 Ne4 16. Nxe4 dxe4 17. Qxe4 Nd7 18. Qf5 g6 19. Qf4 Bf8 20. g5 Qe7 21. Kb1
Qe6 22. h4 Nxe5 23. dxe5 Bg7 24. Rd6 Qe7 25. Rgd1 Raa8 26. Rd7 Qf8 27. Rxb7 Rab8
28. Rxb8 Rxb8 29. Rd7 Qe8 30. Rd6 Rb5 31. Qd4 Rb8 32. Rd7 c5 33. Qd6 c4 34. Kc2
c3 35. bxc3 Qc8 36. Qc7 Qe8 37. e6 f5 38. Rxg7+ 1-0

[Event "Mondiale Lampo FIDE 2019"]
[Site "Mosca"]
[Date "29.12.2019"]
[Round "10.7"]
[White "Sargissian, Gabriel"]
[Black "Fedoseev, Vladimir3"]
[Result "1-0"]
[WhiteTitle "GM"]
[BlackTitle "GM"]
[WhiteElo "2689"]
[BlackElo "2677"]
[WhiteFideId "13300881"]
[BlackFideId "24130737"]
[EventDate "2019.12.29"]

1. d4 Nf6 2. c4 e6 3. Nf3 d5 4. g3 Bb4+ 5. Bd2 Be7 6. Bg2 O-O 7. O-O Nbd7 8. Qc2
c6 9. Bf4 h6 10. Rd1 Re8 11. Nc3 dxc4 12. Ne5 Nd5 13. Nxc4 Nxf4 14. gxf4 Qc7 15.
Ne5 Nf8 16. Ne4 f6 17. Nd3 b6 18. Ng3 Bb7 19. Rac1 Rac8 20. b4 Ng6 21. b5 Ba3
22. bxc6 Bxc1 23. Rxc1 Ba8 24. f5 Nh4 25. Bh1 exf5 26. e3 Qd6 27. d5 Rc7 28. Nf4
Bb7 29. Nxf5 Nxf5 30. Qxf5 Bc8 31. Qd3 Re5 32. Bg2 Bf5 33. Qd4 Re8 34. Qc3 Kf7
35. a3 g5 36. Nh5 Re5 37. Ng3 Bg6 38. Qb4 Rxd5 39. Bxd5+ Qxd5 40. Qc3 Ke6 41. e4
Qd6 42. Qc4+ Ke7 43. Nf5+ Bxf5 44. exf5 Kf8 45. Kg2 Qxa3 46. Re1 Qc5 47. Qxc5+
bxc5 48. Re6 Kf7 49. Kf3 c4 50. Ke4 Re7 51. Kd5 Rc7 52. Kd6 Rc8 53. Kd7 Ra8 54.
c7 c3 1-0